Communication : handling ideas effectively /

Bibliographic Details
Main Author: Johnson, Roy Ivan, 1889-
Format: Book
Language:English
Published: New York : McGraw-Hill Book Co., 1956.
Subjects:

MARC

Tag First Indicator Second Indicator Subfields
LEADER 00000cam a2200000 4500
001 in00000024532
005 20151007062408.0
008 720726s1956 nyua 00010 eng u
010 |a  56007561  
035 |a (OCoLC)00365983 
035 |9 AAD4770AM 
040 |c CNC  |d TXA  |d UtOrBLW 
049 |a TXAM  |c [282858] 
050 0 |a PE1408  |b .J73 
092 |a 808  |b J68c 
100 1 |a Johnson, Roy Ivan,  |d 1889- 
245 1 0 |a Communication :  |b handling ideas effectively /  |c [by] Roy Ivan Johnson, Marie Schalekamp [and] Lloyd A. Garrison. 
264 1 |a New York :  |b McGraw-Hill Book Co.,  |c 1956. 
300 |a 361 pages :  |b illustrations ;  |c 24 cm. 
336 |a text  |b txt  |2 rdacontent 
337 |a unmediated  |b n  |2 rdamedia 
338 |a volume  |b nc  |2 rdacarrier 
650 0 |a English language  |x Rhetoric. 
650 0 |a Comprehension. 
999 |a MARS 
999 f f |s 36f1161e-6071-3e2d-8ea4-204286b2e352  |i af00c7a9-702a-37f3-9795-495fcc0b7848  |t 0 
952 f f |p ric  |a Texas A&M University  |b Rellis Campus  |c Joint Library Facility  |d Remote Storage  |t 0  |e PE1408 .J73  |h Library of Congress classification  |i unmediated -- volume  |m A14801194168 
998 f f |a PE1408 .J73  |t 0  |l Remote Storage